[Event "X Open"]
[Site "Condino ITA"]
[Date "2010.07.27"]
[Round "3"]
[White "Carola, Paolo"]
[Black "Dittmar, Peter"]
[Result "0-1"]
[WhiteElo "1917"]
[BlackElo "2326"]
[PlyCount "48"]
[EventDate "2010.07.26"]

1. e4 e6 2. d4 d5 3. Nd2 c5 4. exd5 exd5 5. Ngf3 Nc6 6. dxc5 Bxc5 7. Nb3 Bb6 8.
c3 Nge7 9. Bd3 O-O 10. Bxh7+ Kxh7 11. Ng5+ Kg8 12. Qh5 Bf5 13. O-O f6 14. Nf3
Qe8 15. Qh4 Be4 16. Be3 Nf5 17. Qf4 Nxe3 18. fxe3 g5 19. Qg3 Bxe3+ 20. Kh1 Bf4
21. Qh3 Kg7 22. Nbd4 Nxd4 23. Nxd4 Rh8 24. Ne6+ Kf7 0-1

[Event "X Open"]
[Site "Condino ITA"]
[Date "2010.07.27"]
[Round "3"]
[White "Daniel, Jiri"]
[Black "Taloni, Silvio"]
[Result "1-0"]
[WhiteElo "2000"]
[BlackElo "1778"]
[PlyCount "113"]
[EventDate "2010.07.26"]

1. e4 d6 2. d4 g6 3. Be3 Bg7 4. Qd2 Nd7 5. Nc3 a6 6. f4 e6 7. Nf3 Ne7 8. O-O-O
b5 9. g4 Bb7 10. Qd3 c5 11. Nd2 c4 12. Qe2 b4 13. Ncb1 c3 14. bxc3 bxc3 15.
Nxc3 Qa5 16. Ndb1 Rc8 17. Rd3 Nb6 18. Bg2 Nc4 19. e5 Bxg2 20. Qxg2 d5 21. Nd1
Nc6 22. c3 Bf8 23. Re1 Nb4 24. Rd2 Nxd2 25. Qxd2 Nxa2+ 26. Kc2 Qa4+ 27. Kd3
Qc4+ 28. Kc2 Nb4+ 29. Kc1 Nd3+ 30. Kc2 Nb4+ 31. Kb2 Rb8 32. Ka1 Nd3 33. Rg1
Qa4+ 34. Qa2 Qxa2+ 35. Kxa2 Be7 36. Rg2 Ne1 37. Re2 Nf3 38. Rf2 Nh4 39. Bc1 Kd7
40. Ba3 Bxa3 41. Nxa3 Rb7 42. Ne3 Rhb8 43. f5 gxf5 44. gxf5 Nxf5 45. Nxf5 exf5
46. Rxf5 Rb2+ 47. Ka1 Rxh2 48. Rxf7+ Ke8 49. Ra7 Rh1+ 50. Ka2 Rh2+ 51. Ka1 h5
52. c4 dxc4 53. Nxc4 Rb4 54. Nd6+ Kf8 55. e6 Re2 56. d5 Rd4 57. Ra8+ 1-0

[Event "X Open"]
[Site "Condino ITA"]
[Date "2010.07.27"]
[Round "3"]
[White "Dappiano, Andrea"]
[Black "Qendro, Llambi"]
[Result "1/2-1/2"]
[WhiteElo "2033"]
[BlackElo "2356"]
[PlyCount "52"]
[EventDate "2010.07.26"]

1. c4 g6 2. Nc3 Bg7 3. g3 e5 4. Bg2 Nc6 5. e4 d6 6. d3 Nge7 7. Nge2 O-O 8. O-O
Bg4 9. f3 Be6 10. Nd5 Qd7 11. Be3 Nd4 12. Rc1 c6 13. Nxe7+ Qxe7 14. Nxd4 exd4
15. Bd2 f5 16. f4 Qd7 17. Qa4 Rfe8 18. Rfe1 fxe4 19. dxe4 a6 20. Qa3 c5 21. b4
b5 22. Bf1 bxc4 23. Bxc4 Bxc4 24. Rxc4 Qf7 25. Qd3 Rac8 26. bxc5 dxc5 1/2-1/2

[Event "X Open"]
[Site "Condino ITA"]
[Date "2010.07.27"]
[Round "3"]
[White "De Santis, Alessio"]
[Black "Buglisi, Massimo"]
[Result "1-0"]
[WhiteElo "2348"]
[BlackElo "1879"]
[PlyCount "75"]
[EventDate "2010.07.26"]

1. b3 Nf6 2. Bb2 g6 3. Bxf6 exf6 4. c4 f5 5. Nc3 Bg7 6. g3 d6 7. Bg2 Nd7 8. e3
Nc5 9. d4 Ne6 10. Nge2 O-O 11. O-O Rb8 12. b4 Re8 13. Rc1 c5 14. bxc5 dxc5 15.
d5 Ng5 16. Qd3 Ne4 17. Nxe4 fxe4 18. Bxe4 Qe7 19. Bg2 Bf5 20. Qa3 h5 21. Rfd1
Be5 22. e4 Bd6 23. Nc3 Bg4 24. Re1 a6 25. f4 f6 26. Nd1 h4 27. Nf2 Bd7 28. Nd3
hxg3 29. hxg3 Qh7 30. e5 fxe5 31. fxe5 Be7 32. e6 Bc8 33. Ne5 Qg7 34. Qd3 Bd6
35. Nf7 Be7 36. Be4 Bf6 37. Bxg6 Bd4+ 38. Kg2 1-0

[Event "X Open"]
[Site "Condino ITA"]
[Date "2010.07.27"]
[Round "3"]
[White "Gallucci, Alessio"]
[Black "Van Rekom, Robert"]
[Result "1-0"]
[WhiteElo "2155"]
[BlackElo "1879"]
[PlyCount "59"]
[EventDate "2010.07.26"]

1. e4 e6 2. d4 d5 3. Nc3 Bb4 4. e5 c5 5. a3 cxd4 6. axb4 dxc3 7. Qg4 Ne7 8.
Qxg7 Rg8 9. Qxh7 Nbc6 10. Nf3 cxb2 11. Bxb2 Nxb4 12. Bc3 Qb6 13. Bd4 Qc7 14. c3
Nbc6 15. Bb5 Bd7 16. Bxc6 Bxc6 17. O-O Kd7 18. Bc5 Bb5 19. Bd6 Bxf1 20. Qxf7
Qd8 21. Nd4 Qf8 22. Qxe6+ Ke8 23. Rxf1 Qf7 24. Qh3 Ng6 25. f4 Rh8 26. Qd3 a5
27. e6 Qh7 28. h3 Ra6 29. Qb5+ Kd8 30. Qxd5 1-0

[Event "X Open"]
[Site "Condino ITA"]
[Date "2010.07.27"]
[Round "3"]
[White "Gardi, Giuseppe"]
[Black "Van den Bergh, Peter"]
[Result "0-1"]
[WhiteElo "2034"]
[BlackElo "2074"]
[PlyCount "78"]
[EventDate "2010.07.26"]

1. d4 Nf6 2. Nf3 g6 3. Nc3 d5 4. Bf4 Bg7 5. Qd2 b6 6. Bh6 O-O 7. h4 Bf5 8. Bxg7
Kxg7 9. Ne5 h5 10. f3 c6 11. O-O-O Qd6 12. Rg1 Rh8 13. g4 Be6 14. g5 Nfd7 15.
Nxd7 Nxd7 16. e4 b5 17. exd5 Bxd5 18. f4 e6 19. Kb1 a5 20. Bg2 Rhb8 21. Ne4 Qc7
22. Qe3 b4 23. Nc5 Rb5 24. Bxd5 cxd5 25. Qe2 Rb6 26. Nxd7 Qxd7 27. Qe5+ Kg8 28.
Qf6 Rc6 29. Rd2 Re8 30. Qe5 Rec8 31. Rgg2 a4 32. Qe2 b3 33. axb3 axb3 34. Qb5
Qa7 35. Qxb3 Rb6 36. Qe3 Ra8 37. c3 Qa1+ 38. Kc2 Rxb2+ 39. Kd3 Qa6+ 0-1

[Event "X Open"]
[Site "Condino ITA"]
[Date "2010.07.27"]
[Round "3"]
[White "Girelli, Sergio"]
[Black "Khachab, Ibrahim"]
[Result "1-0"]
[WhiteElo "1705"]
[BlackElo "1891"]
[PlyCount "69"]
[EventDate "2010.07.26"]

1. e4 c5 2. Nf3 d6 3. d4 cxd4 4. Nxd4 Nf6 5. Nc3 a6 6. Bc4 Nbd7 7. Bb3 g6 8.
Be3 Bg7 9. f3 O-O 10. Qd2 Nc5 11. O-O-O Nfd7 12. h4 Nxb3+ 13. Nxb3 h5 14. g4
hxg4 15. h5 gxf3 16. Bh6 Ne5 17. hxg6 fxg6 18. Bxg7 Kxg7 19. Qh6+ Kf7 20. Nd5
Rg8 21. Qf4+ Ke8 22. Rh7 Rf8 23. Qxf8+ Kxf8 24. Rh8+ Kf7 25. Rxd8 g5 26. Nd4 g4
27. Rf1 Kg6 28. Nxe7+ Kg5 29. Nxf3+ Nxf3 30. Rxc8 Ra7 31. Nd5 b5 32. Rg8+ Kh4
33. Ne3 Ne5 34. Rg1 Rf7 35. Nxg4 1-0

[Event "X Open"]
[Site "Condino ITA"]
[Date "2010.07.27"]
[Round "3"]
[White "Lezzerini, Marco"]
[Black "Trifoni, Giorgio"]
[Result "1-0"]
[WhiteElo "1672"]
[BlackElo "1699"]
[PlyCount "123"]
[EventDate "2010.07.26"]

1. Nf3 b6 2. g3 Bb7 3. Bg2 e6 4. O-O Ne7 5. b3 d6 6. Bb2 Nd7 7. d3 h6 8. e4 Rg8
9. Re1 g5 10. Nbd2 Ng6 11. a4 a5 12. Nc4 g4 13. Nd4 h5 14. Nb5 e5 15. d4 exd4
16. e5 d5 17. Bxd4 Bc5 18. Bxc5 Nxc5 19. Bxd5 Bxd5 20. Qxd5 Ne6 21. Qxd8+ Rxd8
22. Rad1 Ke7 23. Na7 Rxd1 24. Rxd1 Ra8 25. Nc6+ Ke8 26. Kf1 Ne7 27. Nxe7 Kxe7
28. Ke2 f5 29. exf6+ Kxf6 30. Rd5 Re8 31. Ne3 Ng5 32. Rd7 Ne6 33. Nd5+ Kg6 34.
Re7 Rxe7 35. Nxe7+ Kg5 36. Ke3 Kf6 37. Nd5+ Ke5 38. Nf4 Ng7 39. c4 c6 40. Ng6+
Kd6 41. Nf4 Ke5 42. Kd3 Kf6 43. Ke4 Kg5 44. Ke5 Nf5 45. Nxh5 c5 46. Nf4 Ne7 47.
Kd6 Nf5+ 48. Kc6 Nd4+ 49. Kxb6 Nxb3 50. Ne6+ Kf5 51. Nxc5 Nd2 52. Kxa5 Nxc4+
53. Kb4 Ne5 54. a5 Nc6+ 55. Kb5 Nd4+ 56. Kb6 Ke5 57. a6 Nf3 58. a7 Nxh2 59.
a8=Q Kf5 60. Qh8 Nf3 61. Qh5+ Ng5 62. Ne6 1-0

[Event "X Open"]
[Site "Condino ITA"]
[Date "2010.07.27"]
[Round "3"]
[White "Marguerettaz, Davy"]
[Black "Brunello, Marina"]
[Result "1/2-1/2"]
[WhiteElo "2092"]
[BlackElo "2216"]
[PlyCount "58"]
[EventDate "2010.07.26"]

1. e4 c5 2. Nf3 d6 3. d4 cxd4 4. Qxd4 a6 5. c4 Nc6 6. Qd1 Nf6 7. Nc3 e6 8. h3
Be7 9. Be2 Qc7 10. Be3 b6 11. Rc1 Bb7 12. Nd5 exd5 13. cxd5 Qd7 14. dxc6 Bxc6
15. Bxb6 Qb7 16. Qd4 O-O 17. Ba5 Nxe4 18. Qb6 Bd8 19. Qxb7 Bxa5+ 20. b4 Bxb7
21. bxa5 Nc5 22. O-O Rfe8 23. Nd4 Bd5 24. Bc4 Bxc4 25. Rxc4 Nb7 26. Rc6 Nxa5
27. Rxd6 Red8 28. Rxd8+ Rxd8 29. Nb3 Nxb3 1/2-1/2

[Event "X Open"]
[Site "Condino ITA"]
[Date "2010.07.27"]
[Round "3"]
[White "Mombelli, Antonio"]
[Black "Panjkovic, Stefan"]
[Result "1/2-1/2"]
[WhiteElo "1839"]
[BlackElo "1608"]
[PlyCount "40"]
[EventDate "2010.07.26"]

1. e4 d5 2. exd5 Qxd5 3. Nf3 Nf6 4. Be2 Bg4 5. O-O c6 6. h3 Bxf3 7. Bxf3 Qa5 8.
d4 e6 9. c4 Nbd7 10. Nc3 Bb4 11. Ne4 Nxe4 12. Bxe4 Nf6 13. Bf3 Be7 14. Be3 O-O
15. Qc2 Rfd8 16. a3 Rac8 17. b4 Qc7 18. Qb3 Bd6 19. Rad1 Bf4 20. Rfe1 Rd7
1/2-1/2

[Event "X Open"]
[Site "Condino ITA"]
[Date "2010.07.27"]
[Round "3"]
[White "Oppici, Gabriele"]
[Black "Caldara, Sisto"]
[Result "1-0"]
[WhiteElo "2010"]
[BlackElo "1803"]
[PlyCount "67"]
[EventDate "2010.07.26"]

1. d4 f5 2. Nf3 g6 3. Bf4 Nf6 4. h3 Bg7 5. e3 d6 6. c4 Nbd7 7. Nc3 c6 8. Bd3
Nh5 9. Bh2 Qa5 10. O-O O-O 11. Rb1 f4 12. b4 Qc7 13. Ng5 Nb6 14. a4 a5 15. Qb3
e6 16. h4 Ra7 17. bxa5 Na8 18. Be2 e5 19. dxe5 Bxe5 20. Bxh5 gxh5 21. Nf3 Qg7
22. c5+ Kh8 23. Nxe5 dxe5 24. exf4 exf4 25. f3 Rxa5 26. Qb4 Qc7 27. Rbd1 Ra7
28. Rd6 Qa5 29. Qd4+ Kg8 30. Ne4 Qxa4 31. Qe5 b5 32. Nf6+ Kf7 33. Qxh5+ Ke7 34.
Re1+ 1-0

[Event "X Open"]
[Site "Condino ITA"]
[Date "2010.07.27"]
[Round "3"]
[White "Papa, Angelo"]
[Black "Barucco, Mattia"]
[Result "1/2-1/2"]
[WhiteElo "1834"]
[BlackElo "2014"]
[PlyCount "43"]
[EventDate "2010.07.26"]

1. d4 Nf6 2. Nf3 d5 3. c4 e6 4. cxd5 exd5 5. Nc3 c6 6. Bg5 Be7 7. Qc2 Nbd7 8.
e3 O-O 9. Bd3 Re8 10. O-O Nf8 11. Rab1 Ne4 12. Bxe7 Qxe7 13. b4 Ng6 14. h3 Nh4
15. Bxe4 dxe4 16. Nxh4 Qxh4 17. Kh2 Be6 18. Ne2 Rad8 19. Ng1 f5 20. f4 Qe7 21.
a4 a6 22. Qc5 1/2-1/2

[Event "X Open"]
[Site "Condino ITA"]
[Date "2010.07.27"]
[Round "3"]
[White "Petragnani, Gian Giacomo"]
[Black "Weinberg, Emanuele"]
[Result "1-0"]
[WhiteElo "1674"]
[BlackElo "1843"]
[PlyCount "41"]
[EventDate "2010.07.26"]

1. Nf3 e6 2. g3 d5 3. Bg2 Nf6 4. O-O Bd6 5. d3 O-O 6. Nbd2 c6 7. e4 Nbd7 8. Re1
Qc7 9. Qe2 dxe4 10. dxe4 Be7 11. c3 Re8 12. b4 a5 13. Nc4 axb4 14. Bf4 e5 15.
Nfxe5 Nxe5 16. Bxe5 Qd7 17. Nb6 Qe6 18. Bxf6 Bxf6 19. e5 Bxe5 20. Qxe5 Qxe5 21.
Rxe5 1-0

[Event "X Open"]
[Site "Condino ITA"]
[Date "2010.07.27"]
[Round "3"]
[White "Pichler, Christoph"]
[Black "Ventura, Sergio"]
[Result "1-0"]
[WhiteElo "1867"]
[BlackElo "2103"]
[PlyCount "61"]
[EventDate "2010.07.26"]

1. e4 d6 2. d4 g6 3. Nc3 c6 4. Bc4 Nf6 5. Bf4 b5 6. Bd3 Nbd7 7. Qd2 Nb6 8. f3
Rb8 9. b3 h5 10. a3 Bg7 11. Nge2 a6 12. O-O Nfd7 13. Rad1 Qc7 14. Be3 Nf6 15.
h3 Bb7 16. f4 c5 17. dxc5 dxc5 18. e5 Nfd5 19. e6 f5 20. Nxd5 Nxd5 21. c4 Nxe3
22. Qxe3 Qc6 23. Qg3 Qxe6 24. cxb5 Bd5 25. Rfe1 Kf8 26. Nc3 Qf7 27. Nxd5 Qxd5
28. Bc4 Bd4+ 29. Kh1 h4 30. Qxg6 Rg8 31. Qh6+ 1-0

[Event "X Open"]
[Site "Condino ITA"]
[Date "2010.07.27"]
[Round "3"]
[White "Pipitone, Antonio"]
[Black "Panjkovic, Aleksandar"]
[Result "0-1"]
[WhiteElo "2044"]
[BlackElo "2121"]
[PlyCount "80"]
[EventDate "2010.07.26"]

1. e4 d6 2. d4 Nf6 3. Nc3 g6 4. f4 Bg7 5. Nf3 O-O 6. Bd3 Na6 7. a3 c5 8. d5 Nc7
9. O-O b5 10. Re1 Rb8 11. h3 a5 12. Bf1 b4 13. axb4 axb4 14. Nb1 Bd7 15. Nbd2
Ra8 16. Rxa8 Qxa8 17. Bc4 Bb5 18. Qe2 Qa6 19. b3 Nh5 20. Bxb5 Nxb5 21. Nf1 Qb7
22. g4 Nc3 23. Qd3 Nf6 24. N3d2 Ra8 25. Bb2 Nd7 26. Bxc3 Bxc3 27. Rd1 Ra2 28.
Nf3 Qa7 29. Ne3 c4 30. bxc4 Nc5 31. Qe2 Nxe4 32. Rb1 Rxc2 33. Qxc2 Qxe3+ 34.
Kg2 Qxf4 35. Rf1 Qg3+ 36. Kh1 Qxh3+ 37. Kg1 Nd2 38. Nxd2 Bd4+ 39. Rf2 Qg3+ 40.
Kh1 Bxf2 0-1

[Event "X Open"]
[Site "Condino ITA"]
[Date "2010.07.27"]
[Round "3"]
[White "Popa, Claudiu"]
[Black "Bonugli, Carlo"]
[Result "1-0"]
[WhiteElo "2211"]
[BlackElo "2032"]
[PlyCount "53"]
[EventDate "2010.07.26"]

1. e4 e6 2. d4 d5 3. Nd2 Nf6 4. e5 Nfd7 5. c3 c5 6. Bd3 Nc6 7. Ne2 cxd4 8. cxd4
f6 9. exf6 Nxf6 10. O-O Bd6 11. Nf3 O-O 12. Bg5 Qc7 13. Bh4 Nh5 14. Qc2 Rxf3
15. Bxh7+ Kh8 16. gxf3 Bxh2+ 17. Kg2 Nf4+ 18. Nxf4 Bxf4 19. Bg3 Nxd4 20. Qxc7
Bxc7 21. Rh1 e5 22. Be4+ Kg8 23. Bxd5+ Be6 24. Bxe6+ Nxe6 25. Rae1 Re8 26. Rh4
Kf7 27. Bxe5 1-0

[Event "X Open"]
[Site "Condino ITA"]
[Date "2010.07.27"]
[Round "3"]
[White "Salvotti, James"]
[Black "Bini, Massimo"]
[Result "1/2-1/2"]
[WhiteElo "1582"]
[BlackElo "2044"]
[PlyCount "53"]
[EventDate "2010.07.26"]

1. a3 d5 2. c3 Nf6 3. d4 c6 4. Bf4 Bf5 5. e3 Qb6 6. b4 e6 7. Bd3 Bg6 8. Nf3
Nbd7 9. O-O Be7 10. Bxg6 hxg6 11. Nbd2 Nh5 12. Bg3 Nxg3 13. fxg3 Nf6 14. Ne5
Bd6 15. Qf3 Qc7 16. Ng4 Nxg4 17. Qxg4 e5 18. c4 O-O 19. cxd5 exd4 20. exd4 cxd5
21. Rac1 Qb6 22. Nf3 Be7 23. Qf4 Bf6 24. Rc5 a5 25. bxa5 Rxa5 26. Rxa5 Qxa5 27.
Qc1 1/2-1/2

[Event "X Open"]
[Site "Condino ITA"]
[Date "2010.07.27"]
[Round "3"]
[White "Sanzani, Pierluigi"]
[Black "Cesati Cassin, Giorgio"]
[Result "1-0"]
[WhiteElo "1848"]
[BlackElo "1592"]
[PlyCount "109"]
[EventDate "2010.07.26"]

1. e4 c5 2. Nf3 Nc6 3. d4 cxd4 4. Nxd4 g6 5. c4 Bg7 6. Be3 Nf6 7. Nc3 O-O 8.
Be2 d6 9. O-O Bd7 10. Rc1 Qc8 11. f3 a6 12. b3 Nh5 13. Nd5 Qd8 14. f4 Nf6 15.
Bf3 Nxd5 16. cxd5 Nxd4 17. Bxd4 b5 18. Bxg7 Kxg7 19. Qd4+ Kg8 20. Rf2 Rb8 21.
Rfc2 Qb6 22. Qxb6 Rxb6 23. Rc7 Rd8 24. Kf2 e6 25. dxe6 Bxe6 26. R1c6 Rxc6 27.
Rxc6 Bc8 28. Ke3 Kg7 29. Rc7 Re8 30. Kd4 Kf6 31. g4 h6 32. h4 Ke6 33. f5+ gxf5
34. gxf5+ Kf6 35. Kd5 Rd8 36. Bh5 Bd7 37. Ra7 Kg7 38. Rxa6 Be8 39. a4 Rc8 40.
axb5 Bxb5 41. Rxd6 Rc3 42. Rb6 Rd3+ 43. Kc5 Bd7 44. Rd6 Rxd6 45. Kxd6 Bb5 46.
Kc5 Bd3 47. Kd4 Bb5 48. b4 f6 49. Kc5 Bd3 50. Bf3 Kf7 51. b5 Bxb5 52. Kxb5 Ke7
53. Kc5 Kf7 54. Kd6 Kg7 55. Ke7 1-0

[Event "X Open"]
[Site "Condino ITA"]
[Date "2010.07.27"]
[Round "3"]
[White "Schaberg, Wolfgang"]
[Black "Menon, Michele"]
[Result "1/2-1/2"]
[WhiteElo "1945"]
[BlackElo "1733"]
[PlyCount "57"]
[EventDate "2010.07.26"]

1. e4 d6 2. d4 Nf6 3. Nc3 c6 4. f4 Qa5 5. Bd3 e5 6. Nf3 Bg4 7. Be3 Nbd7 8. O-O
Be7 9. Kh1 O-O 10. Qe1 Bxf3 11. Rxf3 Qc7 12. Rd1 b5 13. Rh3 Rfe8 14. d5 a6 15.
dxc6 Qxc6 16. Nd5 Bf8 17. Qh4 Be7 18. fxe5 Nxe5 19. Bg5 Ng6 20. Nxf6+ Bxf6 21.
Qxh7+ Kf8 22. Bxf6 gxf6 23. Qh6+ Ke7 24. Qd2 Rh8 25. Rxh8 Rxh8 26. Rf1 Qc5 27.
e5 fxe5 28. Bxg6 fxg6 29. Qd3 1/2-1/2

[Event "X Open"]
[Site "Condino ITA"]
[Date "2010.07.27"]
[Round "3"]
[White "Scharrer, Patrick"]
[Black "Giacometto, Mario"]
[Result "1-0"]
[WhiteElo "2253"]
[BlackElo "1967"]
[PlyCount "63"]
[EventDate "2010.07.26"]

1. e4 e6 2. d3 d5 3. Nd2 c5 4. Ngf3 Nc6 5. g3 Bd6 6. Bg2 Nge7 7. O-O O-O 8. Nh4
f6 9. f4 Bd7 10. c3 Qc7 11. f5 d4 12. c4 Ne5 13. Qe2 N7c6 14. a3 a6 15. Bh3
Rae8 16. fxe6 Bxe6 17. Bxe6+ Rxe6 18. Ng2 Ng6 19. Qg4 Qc8 20. Nf4 Nxf4 21. gxf4
f5 22. Qe2 fxe4 23. Nxe4 Qc7 24. f5 Re7 25. Qh5 Ref7 26. Bd2 g6 27. fxg6 Rg7
28. Kh1 Rxg6 29. Bh6 Ne5 30. Bxf8 Bxf8 31. Nf6+ Kh8 32. Nd5 1-0

[Event "X Open"]
[Site "Condino ITA"]
[Date "2010.07.27"]
[Round "3"]
[White "Volpinari, Danilo"]
[Black "Gorelli Fagiolini, Marco"]
[Result "1/2-1/2"]
[WhiteElo "2056"]
[BlackElo "2179"]
[PlyCount "40"]
[EventDate "2010.07.26"]

1. Nf3 Nf6 2. c4 g6 3. b3 Bg7 4. Bb2 O-O 5. g3 d6 6. Bg2 Nc6 7. O-O e5 8. d3
Bg4 9. h3 Bd7 10. Nc3 e4 11. dxe4 Nxe4 12. Qc1 Nxc3 13. Bxc3 Bxc3 14. Qxc3 Qe7
15. e3 Rad8 16. Rad1 Bc8 17. Rfe1 Rfe8 18. Kh2 Ne5 19. Rd2 Qf6 20. Nxe5 Qxe5
1/2-1/2

[Event "X Open"]
[Site "Condino ITA"]
[Date "2010.07.27"]
[Round "3"]
[White "Zallocco, Marco"]
[Black "Pretto, Aldo"]
[Result "0-1"]
[WhiteElo "1465"]
[BlackElo "1694"]
[PlyCount "55"]
[EventDate "2010.07.26"]

1. d4 Nf6 2. Bf4 d6 3. Nf3 Nbd7 4. e3 h6 5. Bd3 Nh5 6. Bg3 Nxg3 7. hxg3 Nf6 8.
Nbd2 g6 9. c3 Bg7 10. Qc2 Be6 11. Ne4 Ng4 12. Nh2 Nxh2 13. Rxh2 Qd7 14. Nd2
O-O-O 15. O-O-O Kb8 16. Kb1 Qe8 17. Bc4 d5 18. Bd3 h5 19. e4 dxe4 20. Bxe4 Rc8
21. f4 f5 22. Bd3 Qf7 23. Qa4 c5 24. dxc5 Rxc5 25. Nf3 Bxc3 26. Rc1 Ra5 27. Qc2
Bxa2+ 28. Ka1 0-1

[Event "X Open"]
[Site "Condino ITA"]
[Date "2010.07.27"]
[Round "4"]
[White "Barucco, Mattia"]
[Black "Salvotti, James"]
[Result "1-0"]
[WhiteElo "2014"]
[BlackElo "1582"]
[PlyCount "77"]
[EventDate "2010.07.26"]

1. e4 c6 2. d4 d5 3. exd5 cxd5 4. Bd3 Nc6 5. c3 Nf6 6. Bf4 Bg4 7. Qb3 Qb6 8.
Qxb6 axb6 9. Na3 Kd7 10. f3 Bh5 11. Nb5 Bg6 12. Be2 Bc2 13. Nh3 h6 14. O-O e6
15. Nf2 Ba4 16. b3 Bxb5 17. Bxb5 Bd6 18. Be3 Ba3 19. Nd3 Ke7 20. b4 Ra7 21.
Rab1 Ne8 22. Bf4 Nd6 23. Bxd6+ Kxd6 24. f4 f5 25. Rf3 g5 26. fxg5 hxg5 27. Rg3
Rh5 28. Re3 Ra8 29. Rb3 Bxb4 30. Nxb4 Nxb4 31. Rxb4 Rxa2 32. Bf1 f4 33. Rxb6+
Kc7 34. Rexe6 f3 35. gxf3 Raxh2 36. Bg2 R2h4 37. Rb5 Kd7 38. Rg6 Rf4 39. Rxd5+
1-0

[Event "X Open"]
[Site "Condino ITA"]
[Date "2010.07.27"]
[Round "4"]
[White "Bini, Massimo"]
[Black "Ravazzolo, Gaia"]
[Result "1-0"]
[WhiteElo "2044"]
[BlackElo "1736"]
[PlyCount "50"]
[EventDate "2010.07.26"]

1. d4 d5 2. Bf4 c6 3. e3 Bf5 4. c4 Nf6 5. Qb3 Qb6 6. Nc3 e6 7. c5 Qxb3 8. axb3
Nbd7 9. b4 Be7 10. Nf3 O-O 11. b5 Nh5 12. bxc6 bxc6 13. Bc7 Rfc8 14. Ba5 e5 15.
Ba6 Rcb8 16. b4 exd4 17. Nxd4 Bf6 18. O-O Ne5 19. Nxf5 Nc4 20. Bxc4 Bxc3 21.
Rac1 Bxb4 22. Bxb4 Rxb4 23. Be2 Nf6 24. Ne7+ Kf8 25. Nxc6 a5 1-0

[Event "X Open"]
[Site "Condino ITA"]
[Date "2010.07.27"]
[Round "4"]
[White "Bonugli, Carlo"]
[Black "Papa, Angelo"]
[Result "1-0"]
[WhiteElo "2032"]
[BlackElo "1834"]
[PlyCount "95"]
[EventDate "2010.07.26"]

1. e4 g6 2. d4 Bg7 3. Nc3 c6 4. Be3 Qb6 5. Rb1 d6 6. Bc4 Qc7 7. a4 a5 8. Nge2
Nf6 9. f3 O-O 10. Qd2 Na6 11. O-O Nb4 12. Bb3 e5 13. Rbd1 Bd7 14. dxe5 dxe5 15.
Bc5 Rfe8 16. Qe3 Bf8 17. Bxf8 Kxf8 18. Qc5+ Kg7 19. Nb5 Qd8 20. Nd6 Re7 21.
Nxb7 Na6 22. Qf2 Qc7 23. Nc5 Nxc5 24. Qxc5 Be6 25. Bxe6 Rxe6 26. Rd2 Nd7 27.
Qf2 Rb8 28. Rfd1 Nf6 29. b3 h5 30. Nc1 g5 31. Qe3 Kg6 32. Nd3 Nd7 33. Nb2 Nf6
34. Nc4 g4 35. Nd6 h4 36. Nf5 Qb6 37. Qxb6 Rxb6 38. Nxh4+ Kg5 39. Nf5 gxf3 40.
gxf3 Kf4 41. Kf2 Rb4 42. Ng3 Rb8 43. Rg1 Kg5 44. Nf5+ Kf4 45. Ng3 Kg5 46. Ke3
Nh5 47. Nxh5+ Kxh5 48. Rg7 1-0

[Event "X Open"]
[Site "Condino ITA"]
[Date "2010.07.27"]
[Round "4"]
[White "Brunello, Marina"]
[Black "Volpinari, Danilo"]
[Result "1/2-1/2"]
[WhiteElo "2216"]
[BlackElo "2056"]
[PlyCount "139"]
[EventDate "2010.07.26"]

1. e4 c5 2. Nf3 g6 3. c3 d5 4. exd5 Qxd5 5. d4 Bg7 6. Be3 cxd4 7. cxd4 Nc6 8.
Nc3 Qa5 9. d5 Nb8 10. Rc1 Nf6 11. Qb3 O-O 12. Bc4 Nbd7 13. O-O a6 14. a4 Nc5
15. Qa3 Nce4 16. Nxe4 Nxe4 17. Qxe7 Bf5 18. Qa3 b5 19. axb5 Qxa3 20. bxa3 axb5
21. Bxb5 Rxa3 22. Nd4 Ra5 23. Bc6 Nd6 24. Nxf5 Nxf5 25. Bb6 Ra6 26. Bc7 Nd4 27.
Bb7 Ra7 28. Rb1 Bf6 29. Bd6 Rd8 30. Bc5 Ra2 31. Kh1 Kg7 32. d6 Ne6 33. Bd5 Re2
34. Ba3 h5 35. Rbe1 Rxe1 36. Rxe1 Nf4 37. Bf3 Nd3 38. Re2 Ne5 39. Bd5 Nd3 40.
g3 Ne5 41. f4 Nd7 42. Re7 Bxe7 43. dxe7 Re8 44. Bc6 Nf6 45. Kg2 Kg8 46. Bxe8
Nxe8 47. Kf3 f5 48. Ke3 Kf7 49. Kd4 Ke6 50. Kc4 Nf6 51. Bb2 Ne8 52. Be5 Kxe7
53. Kc5 Ke6 54. Kc6 Ke7 55. Kd5 Kd7 56. Kc5 Ke7 57. Kc6 Ke6 58. h3 Ke7 59. Kd5
Kd7 60. Bb8 Ke7 61. Ke5 Nf6 62. Bd6+ Kf7 63. Bb4 Nd7+ 64. Kd6 Nf6 65. Be1 Ne4+
66. Ke5 Nf6 67. Ba5 Nd7+ 68. Kd6 Nf6 69. Ke5 Nd7+ 70. Kd6 1/2-1/2

[Event "X Open"]
[Site "Condino ITA"]
[Date "2010.07.27"]
[Round "4"]
[White "Buglisi, Massimo"]
[Black "Lezzerini, Marco"]
[Result "1-0"]
[WhiteElo "1879"]
[BlackElo "1672"]
[PlyCount "57"]
[EventDate "2010.07.26"]

1. d4 Nf6 2. c4 g6 3. Nc3 d5 4. cxd5 Nxd5 5. e4 Nxc3 6. bxc3 Bg7 7. Bc4 c5 8.
Ne2 Nc6 9. Be3 O-O 10. Rc1 cxd4 11. cxd4 Na5 12. Bd3 Nc6 13. Rc5 e6 14. Bb5 Bd7
15. h4 Bf6 16. h5 b6 17. Rc1 Bg5 18. hxg6 Bxe3 19. gxh7+ Kg7 20. fxe3 Rh8 21.
Nf4 e5 22. Qh5 Qf6 23. Nd5 Qg6 24. Qf3 Rac8 25. Kf2 exd4 26. exd4 Nxd4 27. Qe3
Ne6 28. Rxc8 Rxc8 29. Qc3+ 1-0

[Event "X Open"]
[Site "Condino ITA"]
[Date "2010.07.27"]
[Round "4"]
[White "De Nisi, Roberta"]
[Black "Bettalli, Marco"]
[Result "0-1"]
[WhiteElo "1900"]
[BlackElo "2074"]
[PlyCount "90"]
[EventDate "2010.07.26"]

1. d4 Nf6 2. c4 g6 3. Nc3 Bg7 4. e4 d6 5. f3 O-O 6. Be3 c6 7. Bd3 a6 8. a4 a5
9. Nge2 Na6 10. O-O Bd7 11. Qd2 Nb4 12. Bb1 Qc7 13. Bh6 e5 14. Bxg7 Kxg7 15. f4
Bg4 16. Ng3 Qb6 17. fxe5 dxe5 18. c5 Qd8 19. Qg5 exd4 20. e5 Nd7 21. Qxg4 dxc3
22. Nh5+ Kh8 23. Nf6 Nxf6 24. exf6 c2 25. Ba2 Nxa2 26. Rxa2 Qxf6 27. Rxf6 c1=Q+
28. Rf1 Qxc5+ 29. Kh1 Rad8 30. b3 Rd3 31. Qf4 Qd4 32. Qc7 Rxb3 33. Qxa5 Rb2 34.
Rxb2 Qxb2 35. Qc5 Kg7 36. h3 f5 37. g4 f4 38. g5 f3 39. Rf2 Qb1+ 40. Kh2 Qf5
41. Qc3+ Kg8 42. Qb3+ Rf7 43. a5 Qf4+ 44. Kg1 Qxg5+ 45. Kf1 Qc1+ 0-1

[Event "X Open"]
[Site "Condino ITA"]
[Date "2010.07.27"]
[Round "4"]
[White "Dittmar, Peter"]
[Black "Brunello, Roberta"]
[Result "1-0"]
[WhiteElo "2326"]
[BlackElo "2064"]
[PlyCount "65"]
[EventDate "2010.07.26"]

1. c4 e6 2. g3 d5 3. Bg2 Nf6 4. Nf3 Be7 5. O-O O-O 6. d4 dxc4 7. Qc2 a6 8. a4
Bd7 9. Ne5 Bc6 10. Nxc6 Nxc6 11. e3 Nd5 12. a5 Bb4 13. Bd2 Nxa5 14. Rxa5 Bxa5
15. Bxa5 b5 16. b3 cxb3 17. Qxb3 Rb8 18. Rc1 Qd7 19. Nc3 Nb6 20. Ne4 Nc4 21.
Bb4 Rfd8 22. Nc5 Qc8 23. Qc3 c6 24. Bf1 Nb6 25. Ba5 Re8 26. Ne4 Nd5 27. Qc5 Qd7
28. Nd6 Re7 29. e4 Nf6 30. Bg2 h6 31. h4 Qa7 32. Qxc6 b4 33. Nc8 1-0

[Event "X Open"]
[Site "Condino ITA"]
[Date "2010.07.27"]
[Round "4"]
[White "Gardi, Giuseppe"]
[Black "Sanzani, Pierluigi"]
[Result "1-0"]
[WhiteElo "2034"]
[BlackElo "1848"]
[PlyCount "69"]
[EventDate "2010.07.26"]

1. d4 g6 2. Nf3 Bg7 3. Nc3 d6 4. e4 Nf6 5. Be3 c6 6. Qd2 h5 7. h3 b5 8. Bd3 Qa5
9. O-O Nbd7 10. Rfe1 e5 11. d5 cxd5 12. Nxd5 Qxd2 13. Nxf6+ Bxf6 14. Bxd2 Rb8
15. Ba5 Bd8 16. Bd2 f6 17. b4 a6 18. a4 Nf8 19. axb5 axb5 20. Be3 Rh7 21. Nd2
Rhb7 22. Ra6 Ke7 23. Rea1 Nd7 24. Kf1 Bb6 25. Bxb6 Rxb6 26. Rxb6 Rxb6 27. Nb3
Nb8 28. Ke2 Nc6 29. c3 Be6 30. Nd2 Bd7 31. Nf1 f5 32. Ne3 Rb8 33. exf5 gxf5 34.
Bxf5 Bxf5 35. Nxf5+ 1-0